| 000 | 00426nam a22001691a 4500 | ||
|---|---|---|---|
| 001 | 18744 | ||
| 003 | OSt | ||
| 005 | 20260204212420.0 | ||
| 008 | 180616s2014||||dr ||||||b||||||||||spa|| | ||
| 082 | _aRD174 S583e | ||
| 100 | _aSilié Gatón,José A. | ||
| 245 | _aÉtica profesional/José A. Silié Gatón | ||
| 264 | _aSanto Domingo:La Filantrópica | ||
| 300 | _a248 p | ||
| 650 | _aÉtica profesionalÌ | ||
| 942 |
_2ddc _cBK |
||
| 999 |
_c18744 _d18744 |
||